000 00706nam a2200289Ia 4500
005 20260324135213.0
008 008 260324s9999 xx 000 0 eng d
020 _a9780203728017
037 _aEBOOK
040 _aCRL
040 _beng
040 _cCRL
041 _2eng
041 _aeng
084 _qCRL
100 _aSusan Goldberg; Roy Muir; John Kerr
_91199719
245 0 _aAttachment Theory
245 0 _bSocial, Developmental, and Clinical Perspectives
260 _bTaylor and Francis
260 _c2000
365 _a
365 _b220
856 _uhttp://www.taylorfrancis.com/books/9780203728017
942 _cEBOOK
999 _c1800561
_d1800561